000 00880nam a22002897a 4500
001 8863
003 FISKH
005 20251023150822.0
008 251023b cb ||||| |||| 00| 0 eng d
020 _a0394873335
040 _aFISKH
_beng
_cFISKH
_dFISKH
050 _aPZ7.B4483 B
082 _a813.54
100 _aBerenstain, Stan
_eAuthor
245 _aThe Berenstain bears forget their manners /
_cStan & Jan Berenstain
260 _aNew York :
_bBerenstains ,
_c1985
300 _a30 unnumbered pages :
_bcolor illustrations ;
_c21 cm
505 _aL
520 _aMama Bear comes up with a plan to correct the Bear family's rude behavior.
521 8 _a620
_bLexile
521 8 _aL
_bRaz-Plus
650 _aBehavior fiction
_vBeing polite
650 _aFamily
_vFeelings
700 _aBerenstain, Jan
_eAuthor
942 _2ddc
_cBK
_n0
999 _c8863
_d8863